000 00866nam a2200265Ia 4500
003 OSt
005 20221005062201.0
006 a|||||r|||| 00| 0
007 ta
008 221004b |||||||| |||| 00| 0 eng d
020 _a9788189643201 (hbk)
_c695
024 _a115827
037 _b184/2011-12, 17/02/2012, Pioneer Books Distributors
_cTextual
040 _aCRL
_cCRL
_beng
041 _2eng
_aeng
082 _aY:1.49G'N, Q2
100 _aSinha Babli Ed.
_9601529
245 0 _aSouth Asian transnationalisms
_b Cultural exchange in the twentieth century
260 _aLondon
_bRoutledge UK
_c2011
300 _a242p.
_ccm.
490 _aSouth Asian history and culture
650 _aSOCIOLOGY
942 _hY:1.49G'N, Q2
_cTEXL
_2cc
999 _c969319
_d969319